000 02405nam a2200277Ia 4500
003 CO-CtgCURN
005 20250408233456.0
008 190723s1999 xx 000 0 und d
020 _a9586760812
040 _aCO-CtgCURN
_bspa
_ccoctgcurn
082 _a342.861
_bM385a
100 _aDiez Bernal, Lucely
_eautora
245 0 _aAcciones populares :
_bel ministerio público en la defensa del medio ambiente /
_cLucely Diez Bernal y Jorge Enrique Martínez Bautista
260 _aBogotá, Colombia :
_bEdiciones Doctrina y Ley,
_c1999
300 _a249 páginas :
_c17 centímetros
500 _aIncluye introducción e índice
504 _aIncluye referencias bibliográficas
505 _a1. Concepto -- 2. Antecedentes -- Normativos -- Jurisprudenciales -- 3. Evolución histórica -- 4. Consagración institucional -- Consideraciones generales -- Planteamientos del doctor Ciro Angarita -- 5. Intereses jurídicos protegidos -- 6. Derecho a un ambiente sano -- 7. Protección de los derechos colectivos -- 8. Propuestas en la constituyente de 1991 -- 9. Derechos e intereses colectivos -- 10. Planteamientos del doctor Alejandro Martínez Caballero -- 11. Aspectos procesales -- 12. La recompensa -- 13. Intervención de la Procuraduría General de la Nación marco de competencia -- 14. la acción de tutela, las acciones populares y de cumplimiento, en materia ambiental, frente a la jurisprudencia de la Corte Constitucional -- 15. Protección del medio ambiente por medio de la tutela y de la acción popular -- 16. Principios y criterios para la protección del derecho a un ambiente sano -- 17. Extractos de algunas acciones de tutela y populares en materia ambiental falladas por la Corte Constitucional por vía de revisión -- 18. E debate del asunto y la unificación de la jurisprudencia de la corte constitucional -- 19. El ministerio público en la defensa del medio ambiente y atribuciones del personero municipal en materia ambiental -- 20. Exposición de motivos -- Vivian Morales Hoyos -- Jaime Córdoba Triviño.
521 _aAREA PROFESIONAL
590 _aPrograma de Derecho_18
650 _aAcciones populares
_zColombia
700 _aMartínez Bautista, Jorge Enrique
_eautor
942 _cBK
_h342.861
_iM385a
_2ddc
_n0
999 _c28690
_d28690